| 000 | 00999nas a2200301 4500 | ||
|---|---|---|---|
| 001 | BR2013000983 | ||
| 003 | BR-BrBNA | ||
| 005 | 20231205121926.0 | ||
| 007 | ta | ||
| 008 | 230509b bl.|||p| |||| 00| 00por d | ||
| 040 |
_aBR-BrBNA _bpor _cBiblioteca Nacional de Agricultura |
||
| 041 | _a(Pt) | ||
| 072 | _aQ04; L01 | ||
| 100 | 1 | _aAlves, R.M. de O. | |
| 100 | 1 | _aCarvalho, C.A.L. de | |
| 100 | 1 | _aSouza, B. de A. | |
| 100 | 1 | _aSodré, G. da S. | |
| 100 | 1 | _aMarchini, L.C. | |
| 245 | 1 | _aCaracterísticas físico-químicas de amostras de mel de Melipona mandacaia Smith (Hymenoptera: Apidae) | |
| 650 | _aANÁLISE QUÍMICA | ||
| 650 | _aPROPRIEDADE FÍSICO-QUÍMICA | ||
| 650 | _aCONTROLE DE QUALIDADE | ||
| 650 | _aABELHA | ||
| 773 | 0 |
_tCiência e Tecnologia de Alimentos (Brazil) _xISSN 1678-457X _g(Oct-Dec 2005), V. 25(4) p. 644-650 _wBR2013000983 |
|
| 856 | 4 | 0 | _uhttp://www.scielo.br/pdf/cta/v25n4/27630.pdf |
| 909 |
_a202311 _bLúcia _c55 _dLúcia Elande |
||
| 942 |
_2AGRIS _n0 _cANA |
||
| 999 |
_c225972 _d225972 |
||